Magról vetett vörös és színes hagymafajták termőképességének összehasonlítása
Elmentve itt :
| Szerző: | |
|---|---|
| További közreműködők: | |
| Dokumentumtípus: | Szakdolgozat |
| Megjelent: |
2013
|
| Kulcsszavak: | Vöröshagyma Hagymatermesztés |
| Tárgyszavak: | |
| Online Access: | http://diploma.bibl.u-szeged.hu/102804 |
| LEADER | 00754nta a2200217 i 4500 | ||
|---|---|---|---|
| 001 | dipl102804 | ||
| 005 | 20211214123619.0 | ||
| 008 | 211201s2013 hu om 0|| zxx d | ||
| 040 | |a SZTE Diploma Repozitórium |b hun | ||
| 041 | |a zxx | ||
| 100 | 1 | |a Horváth Mihály | |
| 245 | 1 | 0 | |a Magról vetett vörös és színes hagymafajták termőképességének összehasonlítása |h [elektronikus dokumentum] / |c Mihály Horváth |
| 260 | |c 2013 | ||
| 300 | |a 60 | ||
| 650 | 4 | |a Agrár | |
| 650 | 4 | |a Plant breeding and plant protection | |
| 695 | |a Vöröshagyma | ||
| 695 | |a Hagymatermesztés | ||
| 700 | 0 | 1 | |a Monostori Tamás |e ths |
| 700 | 0 | 1 | |a Kristó István |e ths |
| 856 | 4 | 0 | |u https://diploma.bibl.u-szeged.hu/id/eprint/102804/2/2013_horvath_mihaly.pdf |z Dokumentum-elérés |